[Event "XI Festival Magistrale"]
[Site "Celle Ligure ITA"]
[Date "1996.03.??"]
[Round "6"]
[White "D'Apa, Stefano"]
[Black "Zoldan, Matteo"]
[Result "0-1"]
[WhiteElo "2210"]
[BlackElo "1972"]
[PlyCount "58"]
[EventDate "1996.03.30"]

1. e4 d6 2. d4 Nf6 3. Bd3 g6 4. f4 Bg7 5. Nf3 O-O 6. O-O Na6 7. c3 c5 8. Nbd2
Rb8 9. a4 Nc7 10. Qe1 b6 11. Qh4 Ba6 12. c4 cxd4 13. Nxd4 Bb7 14. N4f3 Na6 15.
Re1 Nc5 16. Bc2 a6 17. Ra3 b5 18. axb5 axb5 19. Kh1 bxc4 20. Rae3 d5 21. exd5
Nxd5 22. Ra3 Nb4 23. f5 Nxc2 24. fxg6 h6 25. Rxe7 Nxa3 26. bxa3 Bxf3 27. Nxf3
Rb1 28. gxf7+ Rxf7 29. Rxf7 Rxc1+ 0-1

[Event "XI Festival Magistrale"]
[Site "Celle Ligure ITA"]
[Date "1996.03.??"]
[Round "6"]
[White "Efimov, Igor"]
[Black "Sulava, Nenad"]
[Result "1-0"]
[WhiteElo "2455"]
[BlackElo "2480"]
[PlyCount "71"]
[EventDate "1996.03.30"]

1. d4 c5 2. d5 Nf6 3. c4 b5 4. cxb5 a6 5. e3 axb5 6. Bxb5 Ba6 7. Bxa6 Qa5+ 8.
Nc3 Qxa6 9. Nge2 d6 10. a4 Ra7 11. Nb5 Rb7 12. Nec3 g6 13. b3 Bg7 14. Bb2 O-O
15. O-O Qa8 16. Qe2 Nbd7 17. f4 Rfb8 18. e4 Ne8 19. Rf3 Qa5 20. Raf1 Nc7 21.
Nxc7 Rxb3 22. N7b5 Bxc3 23. Bxc3 Qxa4 24. Nc7 Rxc3 25. Rxc3 Qa5 26. Rg3 Qxc7
27. h4 Rb4 28. h5 Nf6 29. e5 dxe5 30. hxg6 hxg6 31. fxe5 Re4 32. d6 Qd7 33. Qa2
Ra4 34. Rxg6+ Kf8 35. dxe7+ Ke8 36. Rg8+ 1-0

[Event "XI Festival Magistrale"]
[Site "Celle Ligure ITA"]
[Date "1996.03.??"]
[Round "6"]
[White "Escofet, Jaime"]
[Black "Corvi, Marco"]
[Result "0-1"]
[WhiteElo "2215"]
[BlackElo "2215"]
[PlyCount "50"]
[EventDate "1996.03.30"]

1. c4 f5 2. Nc3 Nf6 3. g3 e6 4. Bg2 d5 5. cxd5 exd5 6. d4 c6 7. Nf3 Bd6 8. Bd2
Nbd7 9. O-O O-O 10. e3 Ne4 11. Ne2 Qe7 12. Nf4 b6 13. Re1 g5 14. Nd3 Ba6 15.
Bf1 Bb7 16. Bc3 Nxc3 17. bxc3 c5 18. h4 c4 19. Nde5 Nxe5 20. dxe5 Bxe5 21. Nxe5
Qxe5 22. hxg5 Qxc3 23. Bg2 Rad8 24. Qa4 a6 25. Rad1 b5 0-1

[Event "XI Festival Magistrale"]
[Site "Celle Ligure ITA"]
[Date "1996.03.??"]
[Round "6"]
[White "Giuriati, Paolo"]
[Black "Marinescu, Marian"]
[Result "1/2-1/2"]
[WhiteElo "2119"]
[BlackElo "2140"]
[PlyCount "125"]
[EventDate "1996.03.30"]

1. d4 Nf6 2. c4 g6 3. Nc3 Bg7 4. Nf3 O-O 5. g3 c5 6. Bg2 Nc6 7. O-O cxd4 8.
Nxd4 Ng4 9. e3 d6 10. Nxc6 bxc6 11. Bxc6 Rb8 12. Bg2 Ne5 13. Qa4 Bd7 14. Qc2
Nxc4 15. a4 Na5 16. Ra3 e6 17. Rd1 d5 18. Bf1 Qc7 19. Bd2 d4 20. exd4 Rb4 21.
Bf4 Qb6 22. Nb5 Bxb5 23. axb5 Bxd4 24. Rxd4 Rxd4 25. Be3 e5 26. Bxd4 exd4 27.
b4 Nb7 28. Ra6 Qd8 29. Rxa7 Nd6 30. Qc7 Qb8 31. b6 Rc8 32. Qxb8 Rxb8 33. b7
Nxb7 34. Bg2 Nd6 35. Ra8 Rxa8 36. Bxa8 Kf8 37. Kf1 Ke7 38. Ke2 Kd7 39. Kd3 Nb5
40. Bd5 f6 41. Bc4 Na7 42. b5 Nc8 43. Kxd4 Kd6 44. Bg8 h6 45. Bh7 Ne7 46. Kc4
h5 47. Kb4 g5 48. Be4 f5 49. Bf3 h4 50. gxh4 gxh4 51. b6 Nc6+ 52. Kc3 Nb8 53.
Kd4 Nd7 54. b7 Nb8 55. Kc4 Nd7 56. Kb5 Kc7 57. Bd5 f4 58. Be6 Ne5 59. Bd5 Ng4
60. Kc4 Nxf2 61. Kd4 Nd1 62. Ke4 Nc3+ 63. Kxf4 1/2-1/2

[Event "XI Festival Magistrale"]
[Site "Celle Ligure ITA"]
[Date "1996.03.??"]
[Round "6"]
[White "Mollero, Michele"]
[Black "Astengo, Marcello"]
[Result "0-1"]
[WhiteElo "1969"]
[BlackElo "2095"]
[PlyCount "70"]
[EventDate "1996.03.30"]

1. f4 g6 2. Nf3 Bg7 3. e4 c5 4. g3 Nc6 5. Bg2 b6 6. O-O Bb7 7. d3 h5 8. c3 Nh6
9. Nbd2 Ng4 10. Qe2 d6 11. Nc4 e5 12. h3 Nh6 13. fxe5 dxe5 14. Bxh6 Rxh6 15.
Qe3 f6 16. Rad1 Qe7 17. b4 cxb4 18. d4 Ba6 19. Qd3 Kf8 20. Rfe1 Rd8 21. Bf1 Na5
22. Nfd2 bxc3 23. Qxc3 exd4 24. Qf3 Nxc4 25. Nxc4 Kg8 26. Nxb6 Bxf1 27. Nd5 Qe5
28. Rxf1 f5 29. Rde1 fxe4 30. Qf7+ Kh8 31. Nf4 Qg5 32. Rxe4 Qxg3+ 33. Ng2 d3
34. Rf3 Qd6 35. Re7 Qd4+ 0-1

[Event "XI Festival Magistrale"]
[Site "Celle Ligure ITA"]
[Date "1996.03.??"]
[Round "6"]
[White "Ortega, Lexy"]
[Black "Collareta, Giovanni"]
[Result "1-0"]
[WhiteElo "2490"]
[BlackElo "2250"]
[PlyCount "87"]
[EventDate "1996.03.30"]

1. d4 d5 2. Nf3 Nf6 3. c4 c6 4. Nc3 g6 5. Qb3 Bg7 6. g3 O-O 7. Bg2 dxc4 8. Qxc4
Be6 9. Qa4 h6 10. O-O Nbd7 11. e4 Nb6 12. Qc2 Qc8 13. a4 a5 14. Ne5 Nfd7 15. b3
Nxe5 16. dxe5 Bh3 17. Be3 Bxg2 18. Kxg2 Nd7 19. f4 Re8 20. e6 fxe6 21. e5 Nf8
22. h4 c5 23. Qe4 b6 24. Nb5 Rb8 25. Rfd1 Qb7 26. Qxb7 Rxb7 27. Ra2 Rc8 28.
Rad2 Rbb8 29. Na3 Kf7 30. Kf3 Ke8 31. Ke4 Rd8 32. Nb5 Rdc8 33. Kd3 Rb7 34. Kc4
Nd7 35. Rd6 Nb8 36. Rxe6 Kf7 37. Red6 g5 38. h5 gxf4 39. gxf4 Nc6 40. R6d2 Ke6
41. Rg1 Bf8 42. Rg8 Kf7 43. Rg6 Ke8 44. e6 1-0

[Event "XI Festival Magistrale"]
[Site "Celle Ligure ITA"]
[Date "1996.03.??"]
[Round "6"]
[White "Vismara, Daniele"]
[Black "Sbarra, Marco"]
[Result "1/2-1/2"]
[WhiteElo "2235"]
[BlackElo "2280"]
[PlyCount "136"]
[EventDate "1996.03.30"]

1. e4 e5 2. Nf3 d6 3. d4 Nf6 4. Nc3 Nbd7 5. Bc4 Be7 6. O-O O-O 7. a4 c6 8. Qe2
b6 9. Rd1 Qc7 10. d5 c5 11. Ba6 Bxa6 12. Qxa6 Nb8 13. Qe2 a6 14. Nd2 Ne8 15. g4
Bg5 16. Nf1 Qd8 17. f3 Nd7 18. Bxg5 Qxg5 19. Qe3 h6 20. Qxg5 hxg5 21. Ne3 f6
22. Kf2 Kf7 23. Rh1 Rh8 24. h3 Rb8 25. Kg3 Nf8 26. h4 gxh4+ 27. Rxh4 Rxh4 28.
Kxh4 Ng6+ 29. Kg3 Nf4 30. Rh1 Kg8 31. Nf5 Rb7 32. Kf2 b5 33. axb5 axb5 34. Ra1
g6 35. Ra8 gxf5 36. Rxe8+ Kf7 37. Rh8 Kg7 38. Rd8 fxg4 39. fxg4 b4 40. Ne2 Nxe2
41. Kxe2 b3 42. c4 Kg6 43. Rxd6 Rh7 44. Rc6 Rh2+ 45. Kd3 Rh3+ 46. Kd2 Rh2+ 47.
Ke1 Rxb2 48. Rxc5 Rg2 49. Rb5 Rxg4 50. c5 Rxe4+ 51. Kf2 Rc4 52. c6 Kf5 53. Rxb3
Ke4 54. Rb4 Rxb4 55. c7 Kxd5 56. c8=Q Rf4+ 57. Ke3 Kd6 58. Qe8 Kd5 59. Qd7+ Kc5
60. Qe6 Kb5 61. Kd3 Rd4+ 62. Ke3 Rf4 63. Qd5+ Kb6 64. Qd6+ Kb5 65. Qb8+ Kc6 66.
Qd8 Kc5 67. Qc7+ Kd5 68. Qd7+ Kc5 1/2-1/2

[Event "XI Festival Magistrale"]
[Site "Celle Ligure ITA"]
[Date "1996.03.??"]
[Round "7"]
[White "Astengo, Marcello"]
[Black "Collareta, Giovanni"]
[Result "0-1"]
[WhiteElo "2095"]
[BlackElo "2250"]
[PlyCount "80"]
[EventDate "1996.03.30"]

1. d4 d5 2. Nf3 Nf6 3. Bf4 g6 4. e3 Bg7 5. Bd3 O-O 6. Nbd2 c5 7. c3 Nbd7 8. h3
b6 9. Ne5 Bb7 10. Bh2 Nxe5 11. Bxe5 a5 12. O-O c4 13. Be2 b5 14. b3 Bc6 15.
bxc4 bxc4 16. Rb1 Nd7 17. Bg3 e5 18. Qc2 Re8 19. Nf3 e4 20. Nd2 Bf8 21. Bf4 Kh8
22. f3 f5 23. fxe4 fxe4 24. Bg4 Bg7 25. Rb2 Rf8 26. Rfb1 Nf6 27. Rb6 Be8 28.
Rd6 Qe7 29. Qb2 Nxg4 30. Rxd5 Nf2 31. Nxc4 Nd3 32. Qb7 Qxb7 33. Rxb7 Bc6 34.
Rxg7 Bxd5 35. Nb6 Nxf4 36. Rd7 Ne2+ 37. Kh2 Bxa2 38. c4 Bxc4 39. Nxc4 a4 40.
Re7 a3 0-1

[Event "XI Festival Magistrale"]
[Site "Celle Ligure ITA"]
[Date "1996.03.??"]
[Round "7"]
[White "Ayza Ballester, Jordi"]
[Black "Zoldan, Matteo"]
[Result "1-0"]
[WhiteElo "2310"]
[BlackElo "1972"]
[PlyCount "75"]
[EventDate "1996.03.30"]

1. e4 c5 2. Nf3 d6 3. d4 cxd4 4. Nxd4 Nf6 5. Nc3 e6 6. Bd3 Nc6 7. Nb3 Be7 8.
O-O O-O 9. f4 a6 10. Qf3 Qc7 11. Bd2 Rd8 12. Rae1 Nb4 13. Kh1 Bd7 14. e5 Bc6
15. Qe3 Nd7 16. Nd4 Nxd3 17. cxd3 dxe5 18. Nxc6 Qxc6 19. fxe5 Nf8 20. Rf3 Bc5
21. Qg5 Rd7 22. Ne4 Ng6 23. Rc1 Be7 24. Qh5 Qd5 25. Bc3 Rc8 26. Rcf1 Rxc3 27.
Nxc3 Qxe5 28. Qg4 f5 29. Qh5 Rd4 30. Rh3 Rh4 31. Rxh4 Bxh4 32. Qf3 Qc7 33. Ne2
Bf6 34. d4 Qd7 35. Rd1 Ne7 36. Nf4 Nc6 37. d5 e5 38. dxc6 1-0

[Event "XI Festival Magistrale"]
[Site "Celle Ligure ITA"]
[Date "1996.03.??"]
[Round "7"]
[White "Cazzaniga, Walter"]
[Black "Vismara, Daniele"]
[Result "1/2-1/2"]
[WhiteElo "2190"]
[BlackElo "2235"]
[PlyCount "54"]
[EventDate "1996.03.30"]

1. d4 Nf6 2. c4 g6 3. Nc3 Bg7 4. e4 d6 5. f3 O-O 6. Be3 Nc6 7. Nge2 Rb8 8. Qd2
a6 9. h4 h5 10. O-O-O b5 11. Nf4 e5 12. dxe5 dxe5 13. Qxd8 Rxd8 14. Nfd5 Nxd5
15. Nxd5 Be6 16. Bg5 Rd7 17. Bd3 Bxd5 18. cxd5 Nd4 19. Kb1 c5 20. dxc6 Rc7 21.
Be3 Rxc6 22. Rc1 Rbc8 23. Bxd4 exd4 24. Rxc6 Rxc6 25. Rc1 Rxc1+ 26. Kxc1 Bf6
27. g3 Be7 1/2-1/2

[Event "XI Festival Magistrale"]
[Site "Celle Ligure ITA"]
[Date "1996.03.??"]
[Round "7"]
[White "Cirabisi, Federico"]
[Black "Sbarra, Marco"]
[Result "1-0"]
[WhiteElo "2205"]
[BlackElo "2280"]
[PlyCount "69"]
[EventDate "1996.03.30"]

1. f4 d5 2. Nf3 c5 3. e3 Nc6 4. d4 Bg4 5. c3 e6 6. Nbd2 a6 7. Bd3 f5 8. O-O Nf6
9. Qe1 Bxf3 10. gxf3 c4 11. Bc2 Kf7 12. e4 g6 13. b3 b5 14. Qe3 Bh6 15. Re1 Re8
16. Nf1 Nh5 17. Qf2 Bxf4 18. exd5 exd5 19. Rxe8 Qxe8 20. Bxf4 Nxf4 21. Qh4 Ne2+
22. Kf2 Nxc3 23. Qxh7+ Kf6 24. Re1 Qf7 25. Qh4+ Kg7 26. bxc4 Re8 27. Ne3 Rh8
28. Qf4 bxc4 29. Nxf5+ gxf5 30. Bxf5 Rh5 31. Qg3+ Kf8 32. Bg6 Rxh2+ 33. Qxh2
Qxg6 34. Qh8+ Kf7 35. Re8 1-0

[Event "XI Festival Magistrale"]
[Site "Celle Ligure ITA"]
[Date "1996.03.??"]
[Round "7"]
[White "Cordara, Michele"]
[Black "Giuriati, Paolo"]
[Result "1/2-1/2"]
[WhiteElo "2200"]
[BlackElo "2119"]
[PlyCount "44"]
[EventDate "1996.03.30"]

1. d4 Nf6 2. Nf3 e6 3. Bf4 c5 4. c3 cxd4 5. cxd4 b5 6. Nbd2 Bb7 7. e3 a6 8. Bd3
Be7 9. Rc1 d6 10. O-O Nbd7 11. h3 O-O 12. Qe2 Rc8 13. a4 bxa4 14. Bxa6 Bxa6 15.
Qxa6 Qb6 16. Qxa4 Qxb2 17. Nc4 Qb8 18. Qa6 Ne4 19. Rb1 Qa8 20. Qxa8 Rxa8 21.
Rb7 Rfd8 22. Rfb1 Ra2 1/2-1/2

[Event "XI Festival Magistrale"]
[Site "Celle Ligure ITA"]
[Date "1996.03.??"]
[Round "7"]
[White "Di Paolo, Raffaele"]
[Black "Efimov, Igor"]
[Result "0-1"]
[WhiteElo "2275"]
[BlackElo "2455"]
[PlyCount "104"]
[EventDate "1996.03.30"]

1. e4 e6 2. d4 d5 3. e5 c5 4. c3 Ne7 5. Nf3 Nec6 6. Bd3 Be7 7. h4 h6 8. Nbd2 b6
9. h5 a5 10. Rh3 cxd4 11. cxd4 Nb4 12. Bb5+ Bd7 13. Be2 Qc7 14. Kf1 Qc2 15. Ne1
Qxd1 16. Bxd1 O-O 17. a3 Bb5+ 18. Be2 Bxe2+ 19. Kxe2 N4c6 20. Ndf3 a4 21. Rg3
Kh7 22. Bd2 Nd7 23. Nd3 Rfc8 24. Rc1 b5 25. Rh3 Nb6 26. Rhh1 Nc4 27. Bc3 Ra7
28. Nd2 Bd8 29. f4 Nxd2 30. Kxd2 Bb6 31. Ke3 Ne7 32. g4 Rc4 33. Nc5 Bxc5 34.
dxc5 Nc6 35. Bd2 f6 36. Rxc4 bxc4 37. Bc3 fxe5 38. Bxe5 Rb7 39. Bc3 Rb3 40. Rd1
Kg8 41. f5 Kf7 42. fxe6+ Kxe6 43. Kf4 Rb7 44. Re1+ Kf7 45. Rd1 Rd7 46. Bd4 Nxd4
47. Rxd4 Ke6 48. Rd2 Rf7+ 49. Ke3 Ke5 50. Rd4 Rb7 51. Rd2 d4+ 52. Kf3 Kd5 0-1

[Event "XI Festival Magistrale"]
[Site "Celle Ligure ITA"]
[Date "1996.03.??"]
[Round "7"]
[White "Egartner, Wolfgang"]
[Black "Cugini, Verter"]
[Result "0-1"]
[WhiteElo "2195"]
[BlackElo "2260"]
[PlyCount "71"]
[EventDate "1996.03.30"]

1. c4 c5 2. Nf3 Nc6 3. Nc3 e5 4. g3 g6 5. Bg2 Bg7 6. O-O Nge7 7. Ne1 O-O 8. Nc2
a6 9. Ne3 Rb8 10. d3 b5 11. Ned5 Nxd5 12. Nxd5 Bb7 13. Be3 d6 14. Qd2 Ne7 15.
Rab1 Nxd5 16. cxd5 b4 17. a4 b3 18. Bh6 Bc8 19. Bxg7 Kxg7 20. f4 f6 21. fxe5
fxe5 22. Rxf8 Qxf8 23. h4 Rb4 24. h5 h6 25. Be4 gxh5 26. Rf1 Qe7 27. e3 Bh3 28.
Bg2 Bxg2 29. Kxg2 Rg4 30. Qe2 e4 31. Rf4 Qg5 32. Qf2 Rxf4 33. exf4 Qxd5 34.
dxe4 Qxe4+ 35. Qf3 Qxf3+ 36. Kxf3 0-1

[Event "XI Festival Magistrale"]
[Site "Celle Ligure ITA"]
[Date "1996.03.??"]
[Round "7"]
[White "Hitzgerova, Gabriela"]
[Black "Escofet, Jaime"]
[Result "1-0"]
[WhiteElo "2155"]
[BlackElo "2215"]
[PlyCount "85"]
[EventDate "1996.03.30"]

1. e4 e6 2. d4 d5 3. Nd2 f5 4. exf5 exf5 5. Ngf3 Nf6 6. Ne5 Bd6 7. Ndf3 c6 8.
Bd3 Qc7 9. O-O O-O 10. c3 Ne4 11. Re1 Nd7 12. Qb3 Qb6 13. Nxd7 Qxb3 14. axb3
Bxd7 15. Ne5 Be6 16. f3 Bxe5 17. dxe5 Nc5 18. Bc2 f4 19. b4 Nd7 20. Bd2 a6 21.
Re2 Rf7 22. Be1 g6 23. Bf2 Kg7 24. Rae1 h6 25. Bd4 Rc8 26. Kf2 Rcf8 27. Bd3 a5
28. Ra1 axb4 29. cxb4 b6 30. Ra6 Rb8 31. Rc2 c5 32. bxc5 bxc5 33. Rxe6 cxd4 34.
Rxg6+ Kf8 35. Rxh6 Nxe5 36. Rh8+ Kg7 37. Rxb8 Nxd3+ 38. Ke2 Ne5 39. Rd2 d3+ 40.
Rxd3 Re7 41. Kd2 Nc4+ 42. Kc3 Ne3 43. g3 1-0

[Event "XI Festival Magistrale"]
[Site "Celle Ligure ITA"]
[Date "1996.03.??"]
[Round "7"]
[White "Marinescu, Marian"]
[Black "D'Apa, Stefano"]
[Result "0-1"]
[WhiteElo "2140"]
[BlackElo "2210"]
[PlyCount "92"]
[EventDate "1996.03.30"]

1. e4 e6 2. d3 d5 3. Nd2 c5 4. Ngf3 Nc6 5. g3 Bd6 6. Bg2 Nge7 7. O-O Bd7 8. c3
O-O 9. Nh4 Ne5 10. Qe2 N5g6 11. Nxg6 fxg6 12. Nf3 Rc8 13. Bg5 Re8 14. Nh4 Kh8
15. Rfe1 Qb6 16. Bh3 d4 17. e5 Bc7 18. Bxe7 Rxe7 19. c4 Rf8 20. Rab1 a5 21. Bg2
Ref7 22. Rf1 g5 23. Nf3 Bd8 24. h4 gxh4 25. gxh4 Bc6 26. Ng5 Bxg5 27. hxg5 Bf3
28. Bxf3 Rxf3 29. Kg2 R3f4 30. Rh1 Qc6+ 31. Kg1 g6 32. Rh3 R8f5 33. Rg3 Qc7 34.
Re1 Qe7 35. f3 Rxg5 36. Qg2 Rh5 37. Rg4 Qf8 38. Kf2 Qh6 39. Kg1 Qf8 40. Rf1 b6
41. Qg3 Rhf5 42. Kg2 Rxg4 43. Qxg4 Rxe5 44. Rh1 Re2+ 45. Kf1 Rxb2 46. Rh3 Qf5
0-1

[Event "XI Festival Magistrale"]
[Site "Celle Ligure ITA"]
[Date "1996.03.??"]
[Round "8"]
[White "Cirabisi, Federico"]
[Black "Di Paolo, Raffaele"]
[Result "0-1"]
[WhiteElo "2205"]
[BlackElo "2275"]
[PlyCount "50"]
[EventDate "1996.03.30"]

1. d4 g6 2. Nf3 Bg7 3. Bg5 Nf6 4. Nbd2 d6 5. e3 O-O 6. Bc4 Nc6 7. c3 Qe8 8. Qc2
e5 9. O-O-O Bf5 10. e4 Bg4 11. d5 Na5 12. Bd3 b5 13. Nf1 c5 14. Ne3 Bxf3 15.
gxf3 Nh5 16. Rdg1 f6 17. Bh4 b4 18. Bf1 bxc3 19. bxc3 Rb8 20. Bh3 Nf4 21. Be6+
Kh8 22. Bg3 Qb5 23. Bxf4 exf4 24. Nd1 Nc4 25. Qd3 Qa4 0-1

[Event "XI Festival Magistrale"]
[Site "Celle Ligure ITA"]
[Date "1996.03.??"]
[Round "8"]
[White "Collareta, Giovanni"]
[Black "Vismara, Daniele"]
[Result "1-0"]
[WhiteElo "2250"]
[BlackElo "2235"]
[PlyCount "73"]
[EventDate "1996.03.30"]

1. c4 Nf6 2. Nf3 g6 3. g3 Bg7 4. Bg2 d6 5. Nc3 e5 6. O-O O-O 7. d3 h6 8. Rb1
Be6 9. b4 Qc8 10. Qb3 Bh3 11. Nd5 Nxd5 12. cxd5 Bxg2 13. Kxg2 b5 14. Bb2 c6 15.
Rfc1 Qd7 16. Rc2 cxd5 17. Qxd5 Na6 18. Bxe5 Bxe5 19. Nxe5 Qf5 20. Qxd6 Rfd8 21.
Qxa6 Qxe5 22. Rbc1 h5 23. h4 Kg7 24. Qb7 Re8 25. Rc7 Qf5 26. Rxf7+ Qxf7 27. Rc7
Qxc7 28. Qxc7+ Kh6 29. Qf4+ Kh7 30. Qc7+ Kh6 31. e3 Rf8 32. d4 Rac8 33. Qe7 Rf5
34. e4 Rff8 35. d5 Rce8 36. Qg5+ Kg7 37. Qe3 1-0

[Event "XI Festival Magistrale"]
[Site "Celle Ligure ITA"]
[Date "1996.03.??"]
[Round "8"]
[White "Corvi, Marco"]
[Black "Egartner, Wolfgang"]
[Result "0-1"]
[WhiteElo "2215"]
[BlackElo "2195"]
[PlyCount "50"]
[EventDate "1996.03.30"]

1. c4 Nf6 2. Nc3 c5 3. g3 e6 4. e4 Nc6 5. Bg2 Be7 6. Nge2 O-O 7. O-O d6 8. d3
Qd7 9. f4 b6 10. h3 Bb7 11. g4 Ne8 12. f5 Ne5 13. Ng3 Nc7 14. g5 f6 15. h4 fxg5
16. hxg5 exf5 17. Nxf5 Ne6 18. Bh3 Qe8 19. Nd5 Bxd5 20. cxd5 Nxg5 21. Bxg5 Bxg5
22. Nxd6 Rxf1+ 23. Qxf1 Qg6 24. Be6+ Kh8 25. Qh3 Be7+ 0-1

[Event "XI Festival Magistrale"]
[Site "Celle Ligure ITA"]
[Date "1996.03.??"]
[Round "8"]
[White "Cugini, Verter"]
[Black "Hitzgerova, Gabriela"]
[Result "1-0"]
[WhiteElo "2260"]
[BlackElo "2155"]
[PlyCount "157"]
[EventDate "1996.03.30"]

1. e4 c5 2. g3 Nc6 3. Bg2 g6 4. Ne2 Bg7 5. O-O d6 6. c3 Nf6 7. d4 cxd4 8. cxd4
O-O 9. Nbc3 Bd7 10. b3 Rc8 11. Bb2 Qa5 12. Nd5 Nxd5 13. exd5 Nb4 14. Bc3 Qb6
15. Qd2 Na6 16. Rac1 Bf5 17. Rfe1 Bf6 18. h3 Nb8 19. g4 Bd7 20. Ng3 Rfe8 21.
Bf3 Bb5 22. Red1 Qd8 23. Kg2 Nd7 24. g5 Bg7 25. h4 Nf8 26. Ba5 b6 27. Bc3 Ba6
28. Bb2 Bb7 29. Nf1 Rxc1 30. Rxc1 Qa8 31. Ne3 Rc8 32. Rc4 b5 33. Rc2 Rxc2 34.
Qxc2 Qd8 35. a4 bxa4 36. bxa4 Nd7 37. Qc4 Qc8 38. Qb4 Qc7 39. a5 Ba6 40. Bd1
Qb7 41. Qxb7 Bxb7 42. Ba4 Nb8 43. Kf3 h6 44. Ke4 hxg5 45. hxg5 Kf8 46. Ba3 f6
47. f4 Ba6 48. Nc2 Bc4 49. gxf6 Bxf6 50. Nb4 Na6 51. Nc6 Nc7 52. Nxa7 Nxd5 53.
Bb2 Nc7 54. Nc6 Bh4 55. Bc3 Nd5 56. Bd2 Kf7 57. Nb8 Nc7 58. Bc6 Na6 59. Nd7 e6
60. Bb7 Ke7 61. Nb6 d5+ 62. Ke3 Bb5 63. Bxa6 Bxa6 64. Na4 Bb5 65. Nc5 g5 66. a6
Bc6 67. a7 gxf4+ 68. Kxf4 Kd6 69. Kg4 Bf6 70. Bf4+ e5 71. Bg3 Ba8 72. Kf5 Bh8
73. Bxe5+ Bxe5 74. dxe5+ Kxc5 75. e6 Kd6 76. Kf6 d4 77. e7 Kd7 78. Kf7 Bd5+ 79.
Kf8 1-0

[Event "XI Festival Magistrale"]
[Site "Celle Ligure ITA"]
[Date "1996.03.??"]
[Round "8"]
[White "D'Apa, Stefano"]
[Black "Astengo, Marcello"]
[Result "0-1"]
[WhiteElo "2210"]
[BlackElo "2095"]
[PlyCount "54"]
[EventDate "1996.03.30"]

1. e4 e6 2. d4 d5 3. Nd2 Nf6 4. e5 Nfd7 5. Bd3 c5 6. c3 Nc6 7. Ne2 cxd4 8. cxd4
Qb6 9. Nf3 f6 10. exf6 Nxf6 11. Nc3 Bd6 12. O-O O-O 13. a3 Bd7 14. Bg5 h6 15.
Bh4 Be8 16. Na4 Qc7 17. Rc1 Bh5 18. Bg3 Ne4 19. Qc2 Bxf3 20. gxf3 Ng5 21. Be2
Qe7 22. Qd3 Nh3+ 23. Kh1 Nf4 24. Bxf4 Bxf4 25. Rg1 Qh4 26. Rxg7+ Kxg7 27. Rg1+
Kh8 0-1

[Event "XI Festival Magistrale"]
[Site "Celle Ligure ITA"]
[Date "1996.03.??"]
[Round "8"]
[White "Escofet, Jaime"]
[Black "Giuriati, Paolo"]
[Result "1/2-1/2"]
[WhiteElo "2215"]
[BlackElo "2119"]
[PlyCount "60"]
[EventDate "1996.03.30"]

1. c4 Nf6 2. Nc3 c5 3. g3 d5 4. cxd5 Nxd5 5. Bg2 Nc7 6. Nf3 Nc6 7. d3 e5 8. O-O
Be7 9. b3 O-O 10. Bb2 f6 11. Rc1 Bd7 12. h3 Rc8 13. e3 Bf5 14. Ne4 Bxe4 15.
dxe4 Qxd1 16. Rfxd1 Rfd8 17. Bf1 Rxd1 18. Rxd1 Rd8 19. Rd2 Kf8 20. Bc3 Ne8 21.
Bc4 Nd6 22. Bd5 Ke8 23. Kf1 Nb4 24. Bxb4 cxb4 25. Rc2 Kd7 26. Ke2 Rc8 27. Rxc8
Kxc8 28. Nd2 b5 29. f4 Kc7 30. g4 g5 1/2-1/2

[Event "XI Festival Magistrale"]
[Site "Celle Ligure ITA"]
[Date "1996.03.??"]
[Round "8"]
[White "Mollero, Michele"]
[Black "Cordara, Michele"]
[Result "1/2-1/2"]
[WhiteElo "1969"]
[BlackElo "2200"]
[PlyCount "82"]
[EventDate "1996.03.30"]

1. d4 Nf6 2. Nf3 e6 3. Bg5 c5 4. e3 cxd4 5. exd4 Qb6 6. Qc1 Ne4 7. Be3 d5 8.
Bd3 Bd7 9. O-O Nd6 10. Nbd2 Na6 11. c3 Bb5 12. Bxb5+ Qxb5 13. Qc2 Rc8 14. Qb3
Be7 15. Bf4 Qc6 16. Ne5 Qb5 17. Rfe1 O-O 18. h3 Nb8 19. Ndf3 a5 20. Rab1 a4 21.
Qd1 a3 22. bxa3 Qa5 23. Bd2 Qxa3 24. Qb3 Qa6 25. Rec1 f6 26. Ng4 Nc6 27. Ne3
Na5 28. Qb6 Qxb6 29. Rxb6 Nac4 30. Nxc4 Rxc4 31. Rb3 Ra8 32. Bf4 Rxa2 33. Bxd6
Bxd6 34. Rxb7 Ra3 35. Rb6 Bf4 36. Re1 Raxc3 37. Rbxe6 Rc1 38. Rxc1 Rxc1+ 39.
Re1 Rxe1+ 40. Nxe1 Kf7 41. Kf1 Ke6 1/2-1/2

[Event "XI Festival Magistrale"]
[Site "Celle Ligure ITA"]
[Date "1996.03.??"]
[Round "8"]
[White "Naumkin, Igor"]
[Black "Sulava, Nenad"]
[Result "1/2-1/2"]
[WhiteElo "2480"]
[BlackElo "2480"]
[PlyCount "21"]
[EventDate "1996.03.30"]

1. d4 d5 2. c4 c6 3. Nc3 e6 4. e3 f5 5. Nf3 Nf6 6. Bd3 Bd6 7. O-O O-O 8. b3 Ne4
9. Ne2 Nd7 10. Bb2 Qf6 11. a4 1/2-1/2

[Event "XI Festival Magistrale"]
[Site "Celle Ligure ITA"]
[Date "1996.03.??"]
[Round "8"]
[White "Ortega, Lexy"]
[Black "Ayza Ballester, Jordi"]
[Result "1-0"]
[WhiteElo "2490"]
[BlackElo "2310"]
[PlyCount "95"]
[EventDate "1996.03.30"]

1. d4 Nf6 2. Nf3 d5 3. c4 c6 4. Nc3 g6 5. e3 Bg7 6. Bd3 O-O 7. h3 c5 8. O-O Nc6
9. a3 cxd4 10. exd4 h6 11. Re1 dxc4 12. Bxc4 e6 13. Bf4 a6 14. Ba2 Ne7 15. Qd2
Kh7 16. Rac1 b5 17. Be5 Bb7 18. Qf4 Ned5 19. Nxd5 Nxd5 20. Bxd5 Bxd5 21. Bxg7
Kxg7 22. Ne5 Ra7 23. h4 h5 24. Rc5 Qf6 25. Qg3 Re8 26. Nxg6 fxg6 27. Rxd5 exd5
28. Rxe8 Qxd4 29. Re6 Qd1+ 30. Kh2 Qg4 31. Qxg4 hxg4 32. Kg3 Rc7 33. Rxa6 Rc2
34. b4 d4 35. Rd6 Rc3+ 36. Kxg4 d3 37. Kg5 Kf7 38. f4 Rxa3 39. g4 Ke7 40. Rd5
Kf7 41. h5 gxh5 42. Kxh5 Rc3 43. Kg5 Ke7 44. f5 Ra3 45. Kf4 Rb3 46. Ke5 d2 47.
Rxd2 Rxb4 48. f6+ 1-0

[Event "XI Festival Magistrale"]
[Site "Celle Ligure ITA"]
[Date "1996.03.??"]
[Round "8"]
[White "Zlochevskij, Alexander"]
[Black "Efimov, Igor"]
[Result "1/2-1/2"]
[WhiteElo "2405"]
[BlackElo "2455"]
[PlyCount "55"]
[EventDate "1996.03.30"]

1. d4 d5 2. Bg5 Nc6 3. e4 dxe4 4. d5 Ne5 5. Nc3 f5 6. f3 Nf7 7. Be3 Nf6 8. Nh3
c6 9. Nf4 Qd6 10. fxe4 fxe4 11. Qd4 g5 12. Ne6 Nxd5 13. Nxf8 Nxe3 14. Qxe3 Rxf8
15. Nxe4 Qf4 16. Qxf4 gxf4 17. O-O-O Bf5 18. Nc5 Nd6 19. Bd3 b6 20. Bxf5 Rxf5
21. Rhe1 Kf7 22. Nd7 Nc4 23. Rd4 Ne3 24. Re4 Re8 25. Ne5+ Kf6 26. Nd7+ Kf7 27.
Ne5+ Kf6 28. Nd7+ 1/2-1/2

[Event "XI Festival Magistrale"]
[Site "Celle Ligure ITA"]
[Date "1996.03.??"]
[Round "9"]
[White "Ayza Ballester, Jordi"]
[Black "Collareta, Giovanni"]
[Result "1-0"]
[WhiteElo "2310"]
[BlackElo "2250"]
[PlyCount "87"]
[EventDate "1996.03.30"]

1. e4 c5 2. Nf3 e6 3. Nc3 d6 4. d4 cxd4 5. Nxd4 Nf6 6. Bd3 a6 7. O-O Be7 8. Kh1
b5 9. a3 O-O 10. f4 Qc7 11. Qf3 Nbd7 12. Nb3 Bb7 13. Qh3 Rac8 14. Bd2 Rfe8 15.
Rae1 Bf8 16. e5 dxe5 17. fxe5 Nxe5 18. Rxe5 Qxe5 19. Rxf6 g6 20. Rf1 Qg7 21.
Be4 f5 22. Bh6 Qc7 23. Bxb7 Qxb7 24. Bxf8 Kxf8 25. Qe3 Kg8 26. Nc5 Qc6 27. b4
Rcd8 28. Ne2 e5 29. Ng1 a5 30. Nf3 axb4 31. axb4 Qd5 32. c3 Ra8 33. Re1 Ra2 34.
h3 e4 35. Nd4 Qc4 36. Qg3 Kh8 37. Nd7 Ra3 38. Nf6 Rxc3 39. Qd6 Rc1 40. Nxe8
Rxe1+ 41. Kh2 Qf7 42. Qe5+ Kg8 43. Nf6+ Kh8 44. Ne6 1-0